Understanding conceptual framework : (Record no. 8514)

MARC details
000 -LEADER
fixed length control field 00469cam a2200145 i 4500
020 ## - INTERNATIONAL STANDARD BOOK NUMBER
ISBN 9789988249670
050 00 - CALL NUMBER
Classification number RA440.85
Item number .Es9
100 1# - AUTHOR
Personal name Esena, Reuben K.,
245 10 - TITLE
Title Understanding conceptual framework :
Remainder of title guidelines for health care research /
Statement of responsibility, etc Reuben K. Esena, PhD.
260 ## - PUBLICATION INFORMATION
Place of publication Legon-Accra, Ghana
Name of publisher Reuben Kwasi Esena,
Year of publication 2017
300 ## - DESCRIPTION
Number of Pages x, 87 pages :
Other physical details illustrations ;
Dimensions 25 cm
650 #0 - SUBJECTS
Topical Term Medical care
General subdivision Research.
942 ## - ADDED ENTRY ELEMENTS (KOHA)
Koha item type Books
Holdings
Withdrawn status Lost status Collection code Home library Current library Shelving location Date acquired Source of acquisition Full call number Accession Number Koha item type
    Reference Methodist University Library Main Methodist University Library Main General Stacks 03/12/2025 Legon Bookshop RA440.85 .Es9 9188 Books
    Reference Methodist University Library Main Methodist University Library Main General Stacks 03/12/2025 Legon Bookshop RA440.85 .Es9 9187 Books
    Reference Methodist University Library Main Methodist University Library Main General Stacks 03/12/2025 Legon Bookshop RA440.85 .Es9 9186 Books
Copyright © 2026  MUG Library